Employability of the graduates of Bachelor of Science in Hotel and Restaurant Management (BSHRM) of the Cavite State University Rosario Campus, S.Y. 1999-2000 TO 2001-2002 (Record no. 3978)

MARC details
000 -LEADER
fixed length control field 01333nam a22002777a 4500
003 - CONTROL NUMBER IDENTIFIER
control field OSt
005 - DATE AND TIME OF LATEST TRANSACTION
control field 20250405041111.0
008 - FIXED-LENGTH DATA ELEMENTS--GENERAL INFORMATION
fixed length control field 250324b ||||| |||| 00| 0 eng d
040 ## - CATALOGING SOURCE
Language of cataloging English.
Transcribing agency CvSU-CCAT Campus Library.
Description conventions rda.
050 ## - LIBRARY OF CONGRESS CALL NUMBER
Classification number UM HF 5381
Item number A43 2005
100 ## - MAIN ENTRY--PERSONAL NAME
Personal name Alastoy, Michelle V., author.
9 (RLIN) 15523
245 ## - TITLE STATEMENT
Title Employability of the graduates of Bachelor of Science in Hotel and Restaurant Management (BSHRM) of the Cavite State University Rosario Campus, S.Y. 1999-2000 TO 2001-2002
Statement of responsibility, etc. Michelle V. Alastoy, Luzviminda B. Salazar, Joann J. Samartino.
260 ## - PUBLICATION, DISTRIBUTION, ETC.
Place of publication, distribution, etc. Rosario, Cavite :
Name of publisher, distributor, etc. Cavite State University-CCAT Campus,
Date of publication, distribution, etc. 2005.
300 ## - PHYSICAL DESCRIPTION
Extent xiii, 35 leaves :
Other physical details illustrations ;
Dimensions 28 cm
500 ## - GENERAL NOTE
General note Undergraduate Thesis (BSIE) -- Cavite State University-CCAT Campus, 2005.
504 ## - BIBLIOGRAPHY, ETC. NOTE
Bibliography, etc. note Includes bibliographical references and appendices.
546 ## - LANGUAGE NOTE
Language note In English text
650 ## - SUBJECT ADDED ENTRY--TOPICAL TERM
Topical term or geographic name entry element Employability.
9 (RLIN) 9503
650 ## - SUBJECT ADDED ENTRY--TOPICAL TERM
Topical term or geographic name entry element BSHRM graduates -- Employability.
9 (RLIN) 15395
650 ## - SUBJECT ADDED ENTRY--TOPICAL TERM
Topical term or geographic name entry element BSHRM graduates -- CvSU-Rosario Campus -- Academic Year 1999-2002.
9 (RLIN) 15985
700 ## - ADDED ENTRY--PERSONAL NAME
Personal name Salazar, Luzviminda B., author.
9 (RLIN) 15524
700 ## - ADDED ENTRY--PERSONAL NAME
Personal name Samartino, Joann J., author.
9 (RLIN) 15525
700 ## - ADDED ENTRY--PERSONAL NAME
Personal name Nepomuceno, Lucena C., adviser.
9 (RLIN) 13188
942 ## - ADDED ENTRY ELEMENTS (KOHA)
Source of classification or shelving scheme Library of Congress Classification
Koha item type Thesis/Manuscripts/Dissertations
Call number prefix UM
Classification part HF 5381 A43 2005
Holdings
Withdrawn status Lost status Source of classification or shelving scheme Damaged status Not for loan Collection code Home library Current library Shelving location Date acquired Coded location qualifier Full call number Barcode Date last seen Copy number Price effective from Koha item type
    Library of Congress Classification     Thesis/Manuscript/Dissertation Cavite State University - CCAT Campus Cavite State University - CCAT Campus TH 03/03/2005 UM UM HF 5381 A43 2005 T0000203 10/24/2025 1 03/24/2025 Thesis/Manuscripts/Dissertations